00523nam a2200133Ia 4500008004100000245014400041260002900185260000900214300000600223650001300229856005500242999001900297952007300316170516s9999 xx 000 0 und d aRecently Investigated Natural Gums and Mucilages as Pharmaceutical Excipients: An Overview, Pritam Dinesh Choudhary and Harshal Ashok Pawar bJournal of Pharmaceutics c2014 a: xPharmacy uhttps://www.hindawi.com/journals/jphar/contents/2/ c331837d331837 001040aCLbCLd2017-05-16l0r2017-05-16 00:00:00w2017-05-16yFOJ